Grundlagen der Automatisierungstechnik
Gespeichert in:
| 1. Verfasser: | |
|---|---|
| Weitere Verfasser: | |
| Format: | Buch |
| Sprache: | Deutsch |
| Veröffentlicht: |
Berlin
Technik
1987
|
| Ausgabe: | 1. Aufl. |
| Tags: |
Keine Tags, Fügen Sie das erste Tag hinzu!
|
MARC
| LEADER | 00000nam a2200000 4500 | ||
|---|---|---|---|
| 001 | c023878 | ||
| 005 | 20221219111544.4 | ||
| 041 | 0 | |a ger | |
| 044 | |a DE | ||
| 245 | 1 | 0 | |a Grundlagen der Automatisierungstechnik |c Heinz Töpfer, Peter Besch |
| 250 | |a 1. Aufl. | ||
| 264 | 1 | |a Berlin |b Technik |c 1987 | |
| 300 | |a 330 s. | ||
| 100 | 1 | |a Töpfer, Heinz | |
| 700 | 1 | |a Besch, Peter | |